[Event "Erfurt MT op 26th"]
[Site "Erfurt"]
[Date "2016.12.26"]
[Round "1"]
[White "August, Daniel"]
[Black "Hendriks, Willy"]
[Result "0-1"]
[WhiteElo "2074"]
[BlackElo "2396"]
[PlyCount "102"]
[EventDate "2016.12.26"]
[EventType "swiss"]
[EventRounds "8"]
[EventCountry "GER"]
[SourceTitle "CBM 176 Extra"]
[Source "ChessBase"]
[SourceDate "2017.03.02"]
[SourceVersion "1"]
[SourceVersionDate "2017.03.02"]
[SourceQuality "1"]

1. c4 g6 2. g3 Bg7 3. Bg2 e5 4. e4 d6 5. Nc3 Nc6 6. Nge2 Nh6 7. 0-0 0-0 8. d3 Be6 9. Nd5 f5 10. f3 Qd7 11. Be3 Rae8 12. Qd2 Nf7 13. Rac1 Qd8 14. b4 Nd4 15. Rb1 c6 16. Ndc3 g5 17. exf5 Bxf5 18. Bf2 Bg6 19. b5 Qa5 20. Rfd1 h6 21. Ne4 Qxd2 22. Rxd2 Nxe2+ 23. Rxe2 d5 24. bxc6 dxe4 25. cxb7 exd3 26. Rd2 Nd6 27. Bc5 Nxc4 28. Rdd1 Nb6 29. Bxf8 Bxf8 30. a4 Rb8 31. Bf1 Rxb7 32. a5 Bc5+ 33. Kg2 Rd7 34. axb6 axb6 35. Rb2 g4 36. Bxd3 gxf3+ 37. Kxf3 Rxd3+ 38. Rxd3 Bxd3 39. Rd2 e4+ 40. Kf4 Bd6+ 41. Kg4 b5 42. Kf5 Kf7 43. g4 Bb4 44. Rd1 Bc3 45. h4 b4 46. g5 hxg5 47. hxg5 b3 48. g6+ Kg7 49. Rh1 e3+ 50. Kg5 Bxg6 51. Kf4 e2 0-1

[Event "Friedrichroda op 18th"]
[Site "Friedrichroda"]
[Date "2014.08.15"]
[Round "4"]
[White "Steinacker, Alex"]
[Black "August, Daniel"]
[Result "1-0"]
[WhiteElo "2094"]
[BlackElo "2018"]
[PlyCount "87"]
[EventDate "2014.08.13"]
[EventType "swiss"]
[EventRounds "7"]
[EventCountry "GER"]
[SourceTitle "CBM 162 Extra"]
[Source "ChessBase"]
[SourceDate "2014.10.17"]
[SourceVersion "1"]
[SourceVersionDate "2014.10.17"]
[SourceQuality "1"]

1. Nf3 Nf6 2. g3 g6 3. Bg2 Bg7 4. 0-0 0-0 5. d3 d6 6. c4 e5 7. Nc3 Nc6 8. Rb1 Bf5 9. e4 Bg4 10. h3 Bxf3 11. Bxf3 Nd4 12. Bg2 a5 13. Be3 c5 14. Kh2 Nd7 15. Qd2 Nb8 16. h4 f6 17. Qd1 Nbc6 18. Bh3 Rb8 19. Rh1 f5 20. exf5 gxf5 21. Bg5 Bf6 22. f4 Kh8 23. Bg2 Ne6 24. Nd5 Bxg5 25. hxg5 exf4 26. gxf4 Nxf4 27. Nxf4 Qxg5 28. Nh3 Qg7 29. Rg1 Ne5 30. Qd2 Ng4+ 31. Kh1 Qe5 32. Qc3 Rf6 33. Qxe5 dxe5 34. Be4 Rh6 35. Bxf5 Ne3 36. Bd7 Rf8 37. Rg3 Nf1 38. Rg5 Nd2 39. Rd1 Nf3 40. Rg3 Nd4 41. Kg2 Rhf6 42. Bg4 b6 43. Re1 Nc2 44. Re2 1-0

[Event "Oberliga Ost-B 1213"]
[Site "Germany"]
[Date "2013.03.17"]
[Round "9.6"]
[White "Koller, Jens"]
[Black "August, Daniel"]
[Result "0-1"]
[WhiteElo "2263"]
[BlackElo "1967"]
[PlyCount "58"]
[EventDate "2012.09.30"]
[EventType "team-tourn"]
[EventRounds "11"]
[EventCountry "GER"]
[SourceTitle "EXT 2014"]
[Source "ChessBase"]
[SourceDate "2013.11.20"]
[SourceVersion "1"]
[SourceVersionDate "2013.11.20"]
[SourceQuality "1"]
[WhiteTeam "Oberursel"]
[BlackTeam "Jena Jenapharm"]
[WhiteTeamCountry "GER"]
[BlackTeamCountry "GER"]

1. e4 d6 2. d4 Nf6 3. Nc3 e5 4. dxe5 dxe5 5. Qxd8+ Kxd8 6. Bg5 Be6 7. Nf3 Nbd7 8. a3 c6 9. Bh4 h6 10. 0-0-0 Kc7 11. Bg3 Bd6 12. Nd2 Nh5 13. Bc4 Nxg3 14. hxg3 Bxc4 15. Nxc4 Be7 16. Rhf1 b5 17. Ne3 Rhe8 18. f4 f6 19. Nf5 Bf8 20. Rfe1 a5 21. Kb1 Nc5 22. fxe5 Rxe5 23. Nh4 b4 24. axb4 axb4 25. Na2 Nd7 26. Nc1 Rea5 27. Nb3 Ra2 28. Kc1 Ne5 29. Nd4 Nc4 0-1

[Event "Oberliga Ost-B 1213"]
[Site "Germany"]
[Date "2012.11.11"]
[Round "3.6"]
[White "August, Daniel"]
[Black "Urban, Lars"]
[Result "0-1"]
[WhiteElo "1967"]
[BlackElo "2029"]
[PlyCount "62"]
[EventDate "2012.09.30"]
[EventType "team-tourn"]
[EventRounds "11"]
[EventCountry "GER"]
[SourceTitle "EXT 2014"]
[Source "ChessBase"]
[SourceDate "2013.11.20"]
[SourceVersion "1"]
[SourceVersionDate "2013.11.20"]
[SourceQuality "1"]
[WhiteTeam "Jena Jenapharm"]
[BlackTeam "Erfurt Empor"]
[WhiteTeamCountry "GER"]
[BlackTeamCountry "GER"]

1. Nf3 d5 2. g3 Nf6 3. Bg2 e6 4. 0-0 c5 5. d3 b6 6. Nbd2 Bb7 7. e4 Be7 8. e5 Nfd7 9. Re1 Nc6 10. Nf1 Qc7 11. Bf4 h6 12. h4 0-0-0 13. c3 Rdg8 14. d4 g5 15. hxg5 hxg5 16. Be3 Kb8 17. Qd2 cxd4 18. Bxd4 g4 19. N3h2 Ndxe5 20. Qe2 Bd6 21. b4 Nxd4 22. cxd4 Nc6 23. Red1 Nxb4 24. Rdc1 Nc6 25. Rd1 Rg6 26. Nxg4 f5 27. Nge3 f4 28. Nc2 fxg3 29. fxg3 Bxg3 30. Nxg3 Qxg3 31. Rd2 Rf6 0-1

[Event "Oberliga Ost-B 1213"]
[Site "Germany"]
[Date "2012.09.30"]
[Round "1.5"]
[White "August, Daniel"]
[Black "Dreyer, Michael"]
[Result "1/2-1/2"]
[WhiteElo "1967"]
[BlackElo "2235"]
[PlyCount "105"]
[EventDate "2012.09.30"]
[EventType "team-tourn"]
[EventRounds "11"]
[EventCountry "GER"]
[SourceTitle "EXT 2014"]
[Source "ChessBase"]
[SourceDate "2013.11.20"]
[SourceVersion "1"]
[SourceVersionDate "2013.11.20"]
[SourceQuality "1"]
[WhiteTeam "Jena Jenapharm"]
[BlackTeam "Jena Schott"]
[WhiteTeamCountry "GER"]
[BlackTeamCountry "GER"]

1. Nf3 Nf6 2. g3 d6 3. Bg2 e5 4. d3 Be7 5. e4 0-0 6. 0-0 h6 7. c3 Be6 8. Nbd2 c6 9. Re1 Qc7 10. Qc2 Nbd7 11. d4 Rac8 12. b3 Rfe8 13. Bb2 Bg4 14. h3 Bh5 15. dxe5 dxe5 16. Rad1 b5 17. g4 Bg6 18. Nh4 Nf8 19. Nf5 Ne6 20. Nxe7+ Qxe7 21. Nf3 Nf4 22. Bf1 Nh7 23. Bc1 Ng5 24. Nxg5 Qxg5 25. f3 Qf6 26. Qf2 Red8 27. Be3 a6 28. Bb6 Rd6 29. Rxd6 Qxd6 30. Qc2 c5 31. Ba5 Qf6 32. Rd1 Qh4 33. Qh2 h5 34. b4 c4 35. Bb6 Qf6 36. Qf2 Ne6 37. Rd6 Qe7 38. Rd1 Qf6 39. Rd7 hxg4 40. hxg4 Ng5 41. Bg2 Qc6 42. Rd2 Ne6 43. Ba5 Nf4 44. Bf1 f6 45. Qa7 Be8 46. Qe7 Qe6 47. Qxe6+ Nxe6 48. Kf2 Kf7 49. Ke3 Rc6 50. Rd5 Ke7 51. a4 Rd6 52. axb5 axb5 53. Rxd6 1/2-1/2